=LDR 00000nam 2200000 4500 =001 INLIS000000000001801 =005 20130612090205 =008 ***********************************Ind** =035 ##$$0010-061300000001801 =041 ##$$a Ind =082 ##$$a 614 =090 ##$$a 614, Bre t =100 ##$$a Bres,P =245 ##$$a Tindakan darurat kesehatan masyarakat pada kejadian luar biasa, petunjuk praktis, P.Bres;penerjemah,Hari Kusnanto =260 ##$$a 1995 $b Yogyakarta =300 ##$$a xvii,386 hlm, ilus, 21 cm =650 ##$$a Kesehatan Masyarakat =850 ##$$a NBPNMAT